[Event "Wch Seniors (Women) 21st"]
[Site "Rijeka"]
[Date "2011.11.26"]
[Round "11"]
[White "Lein, Marina"]
[Black "Sorokina, Tamara"]
[Result "0-1"]
[WhiteElo "1890"]
[BlackElo "2131"]
[PlyCount "68"]
[EventDate "2011.11.15"]
[EventType "swiss"]
[EventRounds "11"]
[EventCountry "CRO"]
[SourceTitle "CBM 145 Extra"]
[Source "ChessBase"]
[SourceDate "2012.01.03"]
[SourceVersion "1"]
[SourceVersionDate "2012.01.03"]
[SourceQuality "1"]

1. Nf3 Nf6 2. g3 g6 3. Bg2 Bg7 4. 0-0 0-0 5. d4 d6 6. c3 Nbd7 7. Qc2 c5 8. e4 Qc7 9. d5 b5 10. Qe2 Rb8 11. Na3 b4 12. cxb4 Rxb4 13. Nd2 Ne8 14. Nac4 Ba6 15. a3 Rxc4 16. Nxc4 Nb6 17. Qc2 Bxc4 18. Re1 Ba6 19. Be3 Nc4 20. Rab1 Nxe3 21. Rxe3 Bd4 22. Ree1 Qa5 23. Bf1 Bxf1 24. Kxf1 Nf6 25. f3 Rb8 26. Red1 Nd7 27. Rd3 Qa6 28. Ke1 Ne5 29. Rb3 Rxb3 30. Qxb3 c4 31. Qb8+ Kg7 32. f4 Nd3+ 33. Kd1 Nf2+ 34. Kc2 Qa4+ 0-1

[Event "Wch Seniors (Women) 19th"]
[Site "Condino"]
[Date "2009.11.04"]
[Round "7"]
[White "Bilunova, Rimma I"]
[Black "Lein, Marina"]
[Result "1-0"]
[WhiteElo "2171"]
[BlackElo "1961"]
[PlyCount "79"]
[EventDate "2009.10.27"]
[EventType "swiss"]
[EventRounds "9"]
[EventCountry "ITA"]
[SourceTitle "EXT 2010"]
[Source "ChessBase"]
[SourceDate "2010.11.25"]
[SourceVersion "1"]
[SourceVersionDate "2010.11.25"]
[SourceQuality "1"]

1. e4 c5 2. Nf3 Nc6 3. d4 cxd4 4. Nxd4 Qc7 5. Nc3 Nf6 6. Be2 e6 7. 0-0 a6 8. a3 Nxd4 9. Qxd4 Bc5 10. Qd3 h6 11. Bf3 0-0 12. g3 Rb8 13. e5 Ne8 14. Ne4 b5 15. Nxc5 Qxc5 16. Be3 Qc7 17. b4 Bb7 18. Bxb7 Qxb7 19. Bc5 d6 20. exd6 Qd7 21. Rfd1 f5 22. a4 Nf6 23. axb5 axb5 24. Ra7 Rb7 25. Rxb7 Qxb7 26. Ra1 Nd7 27. Ra5 Nxc5 28. bxc5 b4 29. Qc4 Qf3 30. Qxe6+ Kh8 31. Qb3 Qd1+ 32. Kg2 f4 33. gxf4 Qg4+ 34. Qg3 Qd7 35. h3 Qb7+ 36. Qf3 Qf7 37. Qe4 g5 38. f5 Kg7 39. c6 Rd8 40. Re5 1-0

[Event "Wch Seniors (Women) 19th"]
[Site "Condino"]
[Date "2009.10.30"]
[Round "3"]
[White "Lein, Marina"]
[Black "Chernova, Natalja"]
[Result "0-1"]
[WhiteElo "1961"]
[BlackElo "2082"]
[PlyCount "72"]
[EventDate "2009.10.27"]
[EventType "swiss"]
[EventRounds "9"]
[EventCountry "ITA"]
[SourceTitle "EXT 2010"]
[Source "ChessBase"]
[SourceDate "2010.11.25"]
[SourceVersion "1"]
[SourceVersionDate "2010.11.25"]
[SourceQuality "1"]

1. c4 c5 2. Nc3 e6 3. g3 Nf6 4. Bg2 Be7 5. Nf3 d6 6. 0-0 a6 7. d4 cxd4 8. Nxd4 Qc7 9. Qd3 0-0 10. e4 Nbd7 11. b3 Rb8 12. Bb2 b6 13. f4 Bb7 14. Rad1 Rfe8 15. Nde2 Nc5 16. Qb1 Rbd8 17. b4 Ncd7 18. Qd3 Rc8 19. b5 Qc5+ 20. Qd4 Qb4 21. bxa6 Bxa6 22. Nb1 Rxc4 23. Qd2 Qxd2 24. Rxd2 Nxe4 25. Bxe4 Rxe4 26. Nbc3 Rc4 27. Rfd1 d5 28. f5 h6 29. fxe6 fxe6 30. Nf4 Bf6 31. Nce2 Ne5 32. Kg2 Ng4 33. Kg1 Rec8 34. h3 Ne3 35. Rc1 Nf5 36. h4 Nd4 0-1

[Event "RUS-ch Seniors (Women)"]
[Site "Odintsovo"]
[Date "2008.10.08"]
[Round "6"]
[White "Lein, Marina"]
[Black "Kazantseva, Alla"]
[Result "1/2-1/2"]
[WhiteElo "1985"]
[BlackElo "1955"]
[PlyCount "71"]
[EventDate "2008.10.02"]
[EventType "swiss"]
[EventRounds "9"]
[EventCountry "RUS"]
[SourceTitle "CBM 127 Extra"]
[Source "ChessBase"]
[SourceDate "2009.01.08"]
[SourceVersion "2"]
[SourceVersionDate "2009.01.28"]
[SourceQuality "1"]

1. d4 Nf6 2. Nf3 g6 3. h3 Bg7 4. Bf4 d6 5. e3 0-0 6. Be2 c5 7. c3 cxd4 8. cxd4 Qa5+ 9. Nbd2 Ne4 10. 0-0 Nxd2 11. Nxd2 Nc6 12. Nc4 Qd8 13. d5 Ne5 14. Nxe5 dxe5 15. Bh2 b6 16. Qd2 Bb7 17. e4 Rc8 18. Rac1 Qd6 19. Qe3 Rxc1 20. Rxc1 Rc8 21. Rxc8+ Bxc8 22. Qc1 Bb7 23. Qc4 Qd8 24. Kf1 Qc8 25. Qxc8+ Bxc8 26. Bc4 Kf8 27. Ke2 Ke8 28. Kd3 a6 29. b4 Kd7 30. a4 Kd6 31. f3 f6 32. Bg1 Kc7 33. Be3 g5 34. Bb3 Bd7 35. Kc3 Bf8 36. Bf2 1/2-1/2

[Event "RUS-ch Seniors (Women)"]
[Site "Odintsovo"]
[Date "2008.10.07"]
[Round "5"]
[White "Kabanova, Irina"]
[Black "Lein, Marina"]
[Result "1-0"]
[WhiteElo "2032"]
[BlackElo "1985"]
[PlyCount "65"]
[EventDate "2008.10.02"]
[EventType "swiss"]
[EventRounds "9"]
[EventCountry "RUS"]
[SourceTitle "CBM 127 Extra"]
[Source "ChessBase"]
[SourceDate "2009.01.08"]
[SourceVersion "2"]
[SourceVersionDate "2009.01.28"]
[SourceQuality "1"]

1. e4 c5 2. Nf3 Nc6 3. d4 cxd4 4. Nxd4 Qc7 5. Nc3 Nf6 6. Be2 e6 7. a3 a6 8. 0-0 Nxd4 9. Qxd4 Bc5 10. Qd3 0-0 11. Be3 b5 12. Kh1 Bxe3 13. Qxe3 d6 14. f4 Bb7 15. Bf3 Rfd8 16. Rad1 Rac8 17. Rd2 Qc4 18. Rfd1 Ne8 19. e5 d5 20. Ne2 Qc5 21. Nd4 Rc7 22. Qf2 Qe7 23. Re1 Bc8 24. Rde2 g6 25. c3 Ng7 26. g4 f6 27. Qg3 fxe5 28. Rxe5 Qf8 29. f5 exf5 30. gxf5 Nxf5 31. Rxf5 Bxf5 32. Qxc7 Be4 33. Qg3 1-0

[Event "RUS-ch Seniors (Women)"]
[Site "Odintsovo"]
[Date "2008.10.04"]
[Round "3"]
[White "Lein, Marina"]
[Black "Vasiukova, Renata D"]
[Result "1-0"]
[WhiteElo "1985"]
[BlackElo "1528"]
[PlyCount "55"]
[EventDate "2008.10.02"]
[EventType "swiss"]
[EventRounds "9"]
[EventCountry "RUS"]
[SourceTitle "CBM 127 Extra"]
[Source "ChessBase"]
[SourceDate "2009.01.08"]
[SourceVersion "2"]
[SourceVersionDate "2009.01.28"]
[SourceQuality "1"]

1. b4 c6 2. Bb2 a5 3. a3 axb4 4. axb4 Rxa1 5. Bxa1 Qb6 6. c3 Qa7 7. Bb2 d6 8. e4 Be6 9. d4 d5 10. e5 g6 11. Bd3 Nh6 12. Ne2 Bf5 13. 0-0 e6 14. Na3 b5 15. Ng3 Bxd3 16. Qxd3 Bg7 17. Ra1 Qe7 18. Nxb5 f5 19. Ra7 Qd8 20. Nc7+ Ke7 21. Nxd5+ Kf8 22. Nf4 Qc8 23. Qc4 Nf7 24. Nxe6+ Kg8 25. Nxg7 Kxg7 26. Qxf7+ Kh6 27. Bc1+ g5 28. Qh5# 1-0

[Event "EU-ch Seniors 07th"]
[Site "Hockenheim"]
[Date "2007.06.08"]
[Round "7"]
[White "Smits, Oswald"]
[Black "Lein, Marina"]
[Result "1/2-1/2"]
[WhiteElo "1894"]
[BlackElo "2017"]
[PlyCount "49"]
[EventDate "2007.06.02"]
[EventType "swiss"]
[EventRounds "9"]
[EventCountry "GER"]
[SourceTitle "CBM 118 Extra"]
[Source "ChessBase"]
[SourceDate "2007.07.04"]
[SourceVersion "1"]
[SourceVersionDate "2007.07.04"]
[SourceQuality "1"]

1. d4 Nf6 2. Bg5 e6 3. e3 Be7 4. Bd3 h6 5. Bh4 c5 6. Nd2 cxd4 7. exd4 Nc6 8. c3 b6 9. Ne2 Bb7 10. 0-0 0-0 11. h3 d5 12. Bg3 Bd6 13. Bxd6 Qxd6 14. Re1 e5 15. dxe5 Nxe5 16. Bc2 Rad8 17. Nd4 Rfe8 18. N2f3 Ne4 19. Ba4 Bc6 20. Bxc6 Nxc6 21. Nxc6 Qxc6 22. Qd4 Qb5 23. Rab1 Rc8 24. Qd1 Qd7 25. Nd4 1/2-1/2

[Event "EU-ch Seniors 06th"]
[Site "Davos"]
[Date "2006.08.08"]
[Round "4"]
[White "Svenske, Jan"]
[Black "Lein, Marina"]
[Result "1-0"]
[WhiteElo "1742"]
[BlackElo "2025"]
[PlyCount "59"]
[EventDate "2006.08.05"]
[EventType "swiss"]
[EventRounds "9"]
[EventCountry "SUI"]
[SourceTitle "CBM 113 Extra"]
[Source "ChessBase"]
[SourceDate "2006.09.14"]
[SourceVersion "1"]
[SourceVersionDate "2006.09.14"]
[SourceQuality "1"]

1. d4 Nf6 2. c4 g6 3. Nc3 d5 4. Nf3 Bg7 5. e3 0-0 6. Bd3 c6 7. a4 a5 8. 0-0 Bg4 9. h3 Bxf3 10. Qxf3 Na6 11. cxd5 Nxd5 12. Rd1 Ndb4 13. Bc4 e6 14. Ne4 Nd5 15. Ra3 Nab4 16. Nc5 b6 17. Nd3 Nxd3 18. Bxd3 Qf6 19. Qg3 Qe7 20. e4 Nf6 21. Be3 Nh5 22. Qf3 Rfd8 23. e5 Bf8 24. Rc3 Qb4 25. Rxc6 Qxb2 26. Rc7 f5 27. exf6 Bd6 28. Rb7 e5 29. Qd5+ Kh8 30. Qf7 1-0

[Event "EU-ch Seniors 06th"]
[Site "Davos"]
[Date "2006.08.06"]
[Round "2"]
[White "Lein, Marina"]
[Black "Koch, Werner"]
[Result "0-1"]
[WhiteElo "2025"]
[BlackElo "1644"]
[PlyCount "108"]
[EventDate "2006.08.05"]
[EventType "swiss"]
[EventRounds "9"]
[EventCountry "SUI"]
[SourceTitle "CBM 113 Extra"]
[Source "ChessBase"]
[SourceDate "2006.09.14"]
[SourceVersion "1"]
[SourceVersionDate "2006.09.14"]
[SourceQuality "1"]

1. c4 e5 2. Nc3 Nf6 3. Nf3 Nc6 4. a3 d5 5. cxd5 Nxd5 6. e3 a6 7. Be2 Be7 8. 0-0 0-0 9. d4 exd4 10. exd4 Bf6 11. Ne4 Re8 12. Nxf6+ Qxf6 13. Bg5 Qe6 14. Re1 Qd6 15. Qd2 Be6 16. Bh4 h6 17. Bg3 Qd7 18. Rac1 Rac8 19. Ne5 Nxe5 20. dxe5 b5 21. Qa5 Ra8 22. Bf3 c6 23. Red1 Rec8 24. Be4 Ra7 25. f3 Qc7 26. Qe1 Qd7 27. Bf2 Raa8 28. h3 Qd8 29. f4 f5 30. Bxd5 Bxd5 31. Rd3 Qe8 32. Rg3 Qe6 33. Bc5 Kh7 34. Bd6 Rg8 35. Qa5 g6 36. Qb6 Rg7 37. Ra1 Qf7 38. a4 g5 39. fxg5 Rag8 40. h4 hxg5 41. h5 g4 42. axb5 Qxh5 43. bxc6 f4 44. Rc3 g3 45. Kf1 Qh1+ 46. Qg1 Qh5 47. c7 Bb7 48. Rac1 f3 49. Rxf3 Bxf3 50. c8Q Rxc8 51. Rxc8 Bb7 52. Rc1 Rf7+ 53. Ke1 Rf2 54. Rc7+ Kg6 0-1

[Event "EU-ch Seniors 05th"]
[Site "Bad Homburg"]
[Date "2005.??.??"]
[Round "8"]
[White "Holfelder, Hans Joachim"]
[Black "Lein, Marina"]
[Result "1-0"]
[WhiteElo "2250"]
[BlackElo "2042"]
[PlyCount "67"]
[EventDate "2005.06.25"]
[EventType "swiss"]
[EventRounds "9"]
[EventCountry "GER"]
[SourceTitle "EXT 2006"]
[Source "ChessBase"]
[SourceDate "2005.11.24"]
[SourceVersion "1"]
[SourceVersionDate "2005.11.24"]
[SourceQuality "1"]

1. c4 Nf6 2. Nc3 g6 3. e4 d6 4. d4 Bg7 5. f4 0-0 6. Be2 Nfd7 7. Nf3 e5 8. fxe5 dxe5 9. d5 a5 10. Be3 Na6 11. 0-0 Ndc5 12. Qd2 f5 13. exf5 Bxf5 14. Bh6 e4 15. Bxg7 Kxg7 16. Nd4 Qe7 17. Qe3 Nb4 18. Rad1 Rad8 19. Ncb5 Nbd3 20. Qg3 Qe5 21. Nxf5+ Rxf5 22. Nxc7 Qd4+ 23. Kh1 Rdf8 24. Bxd3 exd3 25. Rxf5 Rxf5 26. h3 Qxc4 27. Qe3 d2 28. Qxd2 Rf1+ 29. Rxf1 Qxf1+ 30. Kh2 Nd3 31. d6 Nf2 32. Qd4+ Kh6 33. Qe3+ g5 34. d7 1-0

[Event "Wch Seniors (Women) 14th"]
[Site "Halle"]
[Date "2004.10.29"]
[Round "6"]
[White "Lein, Marina"]
[Black "Blagonadezhnaya, Idea"]
[Result "1/2-1/2"]
[WhiteElo "2007"]
[BlackElo "2056"]
[PlyCount "37"]
[EventDate "2004.10.24"]
[EventType "swiss"]
[EventRounds "9"]
[EventCountry "GER"]
[SourceTitle "EXT 2006"]
[Source "ChessBase"]
[SourceDate "2005.11.24"]
[SourceVersion "1"]
[SourceVersionDate "2005.11.24"]
[SourceQuality "1"]

1. d4 g6 2. c4 Bg7 3. Nc3 c5 4. e3 cxd4 5. exd4 Nc6 6. Nf3 d6 7. Be2 Nf6 8. 0-0 0-0 9. h3 e5 10. dxe5 dxe5 11. Be3 Be6 12. Qxd8 Rfxd8 13. Rfd1 h6 14. Kf1 Bf8 15. a3 Kg7 16. Ke1 Be7 17. Rxd8 Rxd8 18. Rd1 Rxd1+ 19. Kxd1 1/2-1/2

[Event "Wch Seniors (Women) 14th"]
[Site "Halle"]
[Date "2004.10.26"]
[Round "3"]
[White "Hoose, Hannelore"]
[Black "Lein, Marina"]
[Result "0-1"]
[WhiteElo "1593"]
[BlackElo "2007"]
[PlyCount "90"]
[EventDate "2004.10.24"]
[EventType "swiss"]
[EventRounds "9"]
[EventCountry "GER"]
[SourceTitle "EXT 2006"]
[Source "ChessBase"]
[SourceDate "2005.11.24"]
[SourceVersion "1"]
[SourceVersionDate "2005.11.24"]
[SourceQuality "1"]

1. e4 c5 2. d3 g6 3. Bd2 Bg7 4. Qc1 Nc6 5. Nf3 b5 6. Be2 Bb7 7. 0-0 b4 8. Be3 d6 9. Nbd2 Nf6 10. h3 0-0 11. Nc4 Re8 12. Bh6 Bh8 13. a3 a5 14. Be3 Nd7 15. c3 Nb6 16. Nxb6 Qxb6 17. Rd1 Ba6 18. Rd2 bxc3 19. bxc3 a4 20. Rb1 Qa5 21. Rc2 Reb8 22. Rxb8+ Rxb8 23. Bd2 Qb6 24. Bf1 Qb1 25. Qxb1 Rxb1 26. Bc1 Rb3 27. Bb2 Kf8 28. g3 Ke8 29. Nd2 Rb8 30. f4 h6 31. Kf2 Kd7 32. Ke3 f5 33. Bg2 e5 34. fxe5 Nxe5 35. Bf1 fxe4 36. Nxe4 Kc6 37. Nd2 d5 38. d4 Bxf1 39. dxe5 Bxh3 40. Nf3 Bg4 41. Nh4 Bxe5 42. Rf2 Bxg3 43. Rf6+ Kd7 44. Rxg6 Bxh4 45. Rxg4 Bg5+ 0-1

[Event "Wch Seniors (Women) 14th"]
[Site "Halle"]
[Date "2004.10.24"]
[Round "1"]
[White "Litynska, Marta"]
[Black "Lein, Marina"]
[Result "1-0"]
[WhiteElo "2344"]
[BlackElo "2007"]
[PlyCount "71"]
[EventDate "2004.10.24"]
[EventType "swiss"]
[EventRounds "9"]
[EventCountry "GER"]
[SourceTitle "EXT 2006"]
[Source "ChessBase"]
[SourceDate "2005.11.24"]
[SourceVersion "1"]
[SourceVersionDate "2005.11.24"]
[SourceQuality "1"]

1. d4 Nf6 2. c4 g6 3. Nc3 d5 4. Nf3 Bg7 5. cxd5 Nxd5 6. g3 0-0 7. Bg2 Nxc3 8. bxc3 c5 9. 0-0 Nc6 10. Be3 Bg4 11. d5 Bxf3 12. exf3 Na5 13. Rc1 Qd6 14. c4 b6 15. Re1 Rfe8 16. f4 Rad8 17. h4 Qf6 18. Kh2 Nc6 19. f5 Nd4 20. fxg6 Qxg6 21. Bg5 Bf6 22. Be4 Qg7 23. Qh5 Bxg5 24. hxg5 e6 25. Kg2 exd5 26. cxd5 Nb5 27. Bd3 Rxe1 28. Rxe1 Nc7 29. Be4 Rd6 30. Rh1 Nxd5 31. Rd1 Ne3+ 32. fxe3 Qb2+ 33. Kh3 Rxd1 34. Bxh7+ Kf8 35. Qxd1 Qxa2 36. Qd8+ 1-0

[Event "EU-ch Seniors 04th"]
[Site "Arvier"]
[Date "2004.09.15"]
[Round "6"]
[White "Sorokina, Tamara"]
[Black "Lein, Marina"]
[Result "0-1"]
[WhiteElo "2154"]
[BlackElo "2007"]
[PlyCount "107"]
[EventDate "2004.09.10"]
[EventType "swiss"]
[EventRounds "9"]
[EventCountry "ITA"]
[SourceTitle "CBM 102 Extra"]
[Source "ChessBase"]
[SourceDate "2004.11.03"]
[SourceVersion "1"]
[SourceVersionDate "2004.11.03"]
[SourceQuality "1"]

1. d4 Nf6 2. Nf3 g6 3. c3 Bg7 4. Bg5 d5 5. Nbd2 0-0 6. e3 Bf5 7. Be2 Nbd7 8. 0-0 c6 9. c4 dxc4 10. Nxc4 Ne4 11. Ncd2 Nxg5 12. Nxg5 Nb6 13. Ngf3 Bg4 14. h3 Bxf3 15. Nxf3 e6 16. Qb3 Qe7 17. Rfd1 Rfd8 18. a4 Nd5 19. a5 a6 20. Bf1 Rab8 21. Qc4 Nc7 22. e4 Rd7 23. Rd3 Rbd8 24. Rad1 Nb5 25. b3 Nd6 26. Qc2 Nxe4 27. Qe2 Nf6 28. Ne5 Rd5 29. Nc4 Nh5 30. Qe3 Qf6 31. g3 Rxd4 32. Rxd4 Rxd4 33. Rxd4 Qxd4 34. Qxd4 Bxd4 35. g4 Nf4 36. Nd6 b6 37. axb6 Bxb6 38. Bxa6 Nxh3+ 39. Kg2 Nxf2 40. Kf3 Bc5 41. Nc4 Bd4 42. Nd6 Kf8 43. g5 Ke7 44. Nc4 Nd1 45. b4 Nb2 46. Na5 Kd7 47. Bb7 c5 48. Bc6+ Kd6 49. b5 c4 50. Ke4 Bb6 51. Nb7+ Ke7 52. Ke5 c3 53. Be4 Nc4+ 54. Kf4 0-1

[Event "EU-ch Seniors 04th"]
[Site "Arvier"]
[Date "2004.09.14"]
[Round "5"]
[White "Lein, Marina"]
[Black "Ofstad, Per"]
[Result "1/2-1/2"]
[WhiteElo "2007"]
[BlackElo "2208"]
[PlyCount "51"]
[EventDate "2004.09.10"]
[EventType "swiss"]
[EventRounds "9"]
[EventCountry "ITA"]
[SourceTitle "CBM 102 Extra"]
[Source "ChessBase"]
[SourceDate "2004.11.03"]
[SourceVersion "1"]
[SourceVersionDate "2004.11.03"]
[SourceQuality "1"]

1. Nf3 Nf6 2. g3 d5 3. Bg2 g6 4. b3 Bg7 5. Bb2 0-0 6. 0-0 c5 7. d3 Nc6 8. Nbd2 e6 9. c4 Qc7 10. Rc1 d4 11. Ng5 a5 12. Nde4 Nxe4 13. Nxe4 b6 14. f4 Ra7 15. e3 Rd8 16. a3 f5 17. Ng5 dxe3 18. Bxg7 Kxg7 19. Re1 Nd4 20. Rxe3 Qd6 21. Nf3 Bb7 22. Ne5 Bxg2 23. Kxg2 Nc6 24. Nxc6 Qxc6+ 25. Qf3 Qxf3+ 26. Kxf3 1/2-1/2

[Event "RUS-ch Seniors (Women)"]
[Site "Tula"]
[Date "2004.05.??"]
[Round "6"]
[White "Kalashnikova, Larisa"]
[Black "Lein, Marina"]
[Result "1/2-1/2"]
[WhiteElo "2093"]
[BlackElo "2011"]
[PlyCount "100"]
[EventDate "2004.05.??"]
[EventType "swiss"]
[EventRounds "8"]
[EventCountry "RUS"]
[SourceTitle "EXT 2005"]
[Source "ChessBase"]
[SourceDate "2004.11.15"]
[SourceVersion "1"]
[SourceVersionDate "2004.11.15"]
[SourceQuality "1"]

1. e4 c5 2. f4 d6 3. Nf3 g6 4. g3 Bg7 5. Bg2 Nc6 6. c3 f5 7. d3 Nf6 8. Qe2 fxe4 9. dxe4 e5 10. 0-0 Qe7 11. Nbd2 Bg4 12. h3 Bxf3 13. Bxf3 0-0-0 14. Nc4 h5 15. fxe5 dxe5 16. Bg5 Qe6 17. Kg2 Rd7 18. Ne3 Nh7 19. h4 Nxg5 20. hxg5 Qe7 21. Nd5 Qxg5 22. Rad1 Rhd8 23. a3 Ne7 24. b4 Nxd5 25. exd5 Bf8 26. Be4 Bd6 27. Rb1 Rf8 28. Rxf8+ Bxf8 29. Qf2 Be7 30. bxc5 h4 31. d6 Bd8 32. Rd1 hxg3 33. Qxg3 Rg7 34. Qxg5 Bxg5 35. c6 bxc6 36. Bxc6 Bf4 37. Rh1 Rg8 38. Rh7 e4 39. d7+ Kc7 40. Bxe4 Rd8 41. Kf3 Be5 42. Bxg6 Rxd7 43. Rxd7+ Kxd7 44. c4 Kd6 45. Ke4 Bb2 46. a4 Kc5 47. Kd3 a5 48. Be8 Bf6 49. Bb5 Bd8 50. Ke4 Bg5 1/2-1/2

[Event "Wch Seniors (Women) 13th"]
[Site "Bad Zwischenahn"]
[Date "2003.??.??"]
[Round "?"]
[White "Lein, Marina"]
[Black "Kohls, Vera"]
[Result "1/2-1/2"]
[WhiteElo "1970"]
[BlackElo "1720"]
[PlyCount "54"]
[EventDate "2003.11.16"]
[EventType "swiss"]
[EventRounds "9"]
[EventCountry "GER"]
[SourceTitle "CBM 097 Extra"]
[Source "ChessBase"]
[SourceDate "2004.01.13"]
[SourceVersion "1"]
[SourceVersionDate "2004.01.13"]
[SourceQuality "1"]

1. c4 b6 2. Nf3 Bb7 3. e3 e6 4. Be2 Nf6 5. 0-0 g6 6. d4 Ne4 7. Nbd2 Nxd2 8. Bxd2 Bg7 9. Bc3 0-0 10. d5 d6 11. Bxg7 Kxg7 12. dxe6 fxe6 13. Nd4 Qe8 14. Bg4 Rf6 15. f4 Be4 16. Bf3 Bxf3 17. Qxf3 Na6 18. Qb7 Qc8 19. Qc6 Nb4 20. Qb5 c5 21. Qa4 cxd4 22. Qxb4 Qc5 23. Qxc5 dxc5 24. exd4 cxd4 25. Rad1 Rd8 26. g3 Kf7 27. Rf2 e5 1/2-1/2